[Event "DFMMLV 2019"]
[Site "Braunfels"]
[Date "2019.06.23"]
[Round "5.23"]
[White "Zell, Hannah"]
[Black "Mundt, Alexandra"]
[Result "0-1"]
[WhiteElo "1473"]
[BlackElo "1797"]
[Annotator "NA"]
[PlyCount "120"]
[EventDate "2019.06.20"]
[EventType "team-tourn"]
[EventCountry "GER"]
[SourceTitle "playchess.com"]
[Source "ChessBase"]
[SourceQuality "1"]
[WhiteTeam "Wuerttemberg 2"]
[BlackTeam "Schleswig Holstein"]
[TimeControl "40/5400+30:1800+30"]

1. c4 {[%emt 0:00:00]} e5 {[%emt 0:00:00]} 2. g3 {[%emt 0:00:00]} Nf6 {[%emt 0:00:00]} 3. Bg2 {[%emt 0:00:00]} d5 {[%emt 0:00:00]} 4. cxd5 {[%emt 0:01:21]} Nxd5 {[%emt 0:00:09]} 5. Nc3 {[%emt 0:00:29]} Ne7 {[%emt 0:00:08]} 6. e3 {[%emt 0:02:35]} Nbc6 {[%emt 0:03:44]} 7. Nge2 {[%emt 0:02:42]} g6 {[%emt 0:10:44]} 8. a3 {[%emt 0:03:50]} Bg7 {[%emt 0:03:08]} 9. b4 {[%emt 0:03:15]} a6 {[%emt 0:00:04]} 10. Bb2 {[%emt 0:00:28]} O-O {[%emt 0:08:47]} 11. O-O {[%emt 0:01:52]} Kh8 {[%emt 0:01:35]} 12. Qc1 {[%emt 0:02:42]} Bf5 {[%emt 0:03:17]} 13. Rd1 {[%emt 0:03:31]} Bd3 {[%emt 0:03:37]} 14. Bf1 {[%emt 0:09:04]} Qd7 {[%emt 0:14:14]} 15. Kg2 {[%emt 0:04:35]} f5 {[%emt 0:16:45]} 16. Ng1 {[%emt 0:11:11]} Bxf1+ {[%emt 0:10:38]} 17. Rxf1 {[%emt 0:01:22]} f4 {[%emt 0:00:05]} 18. Qc2 {[%emt 0:08:51]} Rad8 {[%emt 0:00:54]} 19. Rad1 {[%emt 0:01:23]} Qg4 {[%emt 0:09:29]} 20. Qe4 {[%emt 0:08:45]} Nf5 {[%emt 0:06:21]} 21. h3 {[%emt 0:06:52]} Qg5 {[%emt 0:02:23]} 22. Nf3 {[%emt 0:01:39]} Qe7 {[%emt 0:00:57]} 23. exf4 {[%emt 0:05:22]} Nd6 {[%emt 0:00:17]} 24. Qe2 {[%emt 0:00:38]} exf4 {[%emt 0:00:29]} 25. Qxe7 {[%emt 0:01:37]} Nxe7 {[%emt 0:00:02]} 26. Na4 {[%emt 0:00:49]} Bxb2 {[%emt 0:00:52]} 27. Nxb2 {[%emt 0:00:07]} fxg3 {[%emt 0:00:49]} 28. fxg3 {[%emt 0:00:10]} Nc6 {[%emt 0:02:14]} 29. d3 {[%emt 0:02:22]} Nb5 {[%emt 0:00:30]} 30. a4 {[%emt 0:03:02]} Nc3 {[%emt 0:00:34]} 31. Rde1 {[%emt 0:02:13]} Nxb4 {[%emt 0:00:49]} 32. Ne5 {[%emt 0:00:54]} Rc8 {[%emt 0:01:35]} 33. Nd7 {[%emt 0:01:58]} Rxf1 {[%emt 0:00:25]} 34. Rxf1 {[%emt 0:00:10]} Kg7 {[%emt 0:00:23]} 35. Ne5 {[%emt 0:01:12]} Rf8 {[%emt 0:00:41]} 36. Rxf8 {[%emt 0:00:45]} Kxf8 {[%emt 0:00:01]} 37. Kf3 {[%emt 0:00:42]} Nbd5 {[%emt 0:00:33]} 38. Nd7+ {[%emt 0:01:47]} Ke7 {[%emt 0:01:04]} 39. Nc5 {[%emt 0:00:39]} b5 {[%emt 0:00:41]} 40. a5 {[%emt 0:02:28]} Kd6 {[%emt 0:00:29]} 41. Nxa6 {[%emt 0:30:55]} Na4 {[%emt 0:14:38]} 42. Nxa4 {[%emt 0:00:00]} bxa4 {[%emt 0:00:06]} 43. d4 {[%emt 0:00:00]} a3 {[%emt 0:06:50]} 44. Nc5 {[%emt 0:00:00]} a2 {[%emt 0:00:46]} 45. Nb3 {[%emt 0:00:00]} Nb4 {[%emt 0:00:15]} 46. Na1 {[%emt 0:00:00]} Kd5 {[%emt 0:02:28]} 47. Ke3 {[%emt 0:00:00]} h6 {[%emt 0:01:23]} 48. g4 {[%emt 0:00:00]} g5 {[%emt 0:01:09]} 49. a6 {[%emt 0:00:00]} Nxa6 {[%emt 0:01:13]} 50. Kd3 {[%emt 0:00:00]} Nb4+ {[%emt 0:01:09]} 51. Kc3 {[%emt 0:00:00]} Nc6 {[%emt 0:00:49]} 52. Kd3 {[%emt 0:00:00]} Nxd4 {[%emt 0:00:30]} 53. Kc3 {[%emt 0:00:00]} Ne2+ {[%emt 0:00:51]} 54. Kb2 {[%emt 0:00:00]} Nf4 {[%emt 0:01:19]} 55. Nc2 {[%emt 0:00:00]} Ke4 {[%emt 0:00:46]} 56. Kxa2 {[%emt 0:00:00]} Nxh3 {[%emt 0:00:06]} 57. Kb3 {[%emt 0:00:00]} Nf2 {[%emt 0:00:08]} 58. Kc4 {[%emt 0:00:00]} Nxg4 {[%emt 0:00:20]} 59. Nd4 {[%emt 0:00:00]} Ne5+ {[%emt 0:00:27]} 60. Kc5 {[%emt 0:00:00]} g4 {[%emt 0:00:22]} 0-1

[Event "DFMMLV 2019"]
[Site "Braunfels"]
[Date "2019.06.23"]
[Round "5.24"]
[White "Freter, Anke"]
[Black "Krotsch, Maxi"]
[Result "1-0"]
[WhiteElo "1856"]
[BlackElo "942"]
[Annotator "NA"]
[PlyCount "91"]
[EventDate "2019.06.20"]
[EventType "team-tourn"]
[EventCountry "GER"]
[SourceTitle "playchess.com"]
[Source "ChessBase"]
[SourceQuality "1"]
[WhiteTeam "Schleswig Holstein"]
[BlackTeam "Wuerttemberg 2"]
[TimeControl "40/5400+30:1800+30"]

1. e4 {[%emt 0:00:00]} e5 {[%emt 0:00:00]} 2. Nf3 {[%emt 0:00:07]} Nc6 {[%emt 0:00:10]} 3. Bb5 {[%emt 0:00:09]} Nd4 {[%emt 0:01:24]} 4. Nxd4 {[%emt 0:01:43]} exd4 {[%emt 0:00:49]} 5. O-O {[%emt 0:00:56]} c6 {[%emt 0:01:04]} 6. Bc4 {[%emt 0:00:58]} d5 {[%emt 0:00:33]} 7. exd5 {[%emt 0:01:51]} cxd5 {[%emt 0:01:29]} 8. Bb3 {[%emt 0:03:28]} Be7 {[%emt 0:00:12]} 9. d3 {[%emt 0:01:17]} Nf6 {[%emt 0:00:22]} 10. Nd2 {[%emt 0:03:37]} O-O {[%emt 0:00:14]} 11. Nf3 {[%emt 0:00:18]} Qc7 {[%emt 0:00:33]} 12. h3 {[%emt 0:02:22]} Qd7 {[%emt 0:00:53]} 13. Nxd4 {[%emt 0:04:50]} Bc5 {[%emt 0:00:49]} 14. Be3 {[%emt 0:01:41]} Qe7 {[%emt 0:00:49]} 15. c3 {[%emt 0:05:33]} Qe5 {[%emt 0:02:47]} 16. Nf3 {[%emt 0:00:59]} Qh5 {[%emt 0:00:50]} 17. Bxc5 {[%emt 0:04:23]} Re8 {[%emt 0:00:26]} 18. Bd6 {[%emt 0:04:56]} Qg6 {[%emt 0:00:23]} 19. Bg3 {[%emt 0:03:36]} Nh5 {[%emt 0:02:27]} 20. Nh4 {[%emt 0:07:11]} Qg5 {[%emt 0:01:09]} 21. Qf3 {[%emt 0:03:51]} Re6 {[%emt 0:02:17]} 22. Qxd5 {[%emt 0:01:19]} Qe7 {[%emt 0:01:22]} 23. Qxh5 {[%emt 0:00:54]} g6 {[%emt 0:00:13]} 24. Qf3 {[%emt 0:00:38]} Rf6 {[%emt 0:00:29]} 25. Qe4 {[%emt 0:00:46]} Re6 {[%emt 0:00:25]} 26. Bxe6 {[%emt 0:00:21]} Bxe6 {[%emt 0:00:12]} 27. Rfe1 {[%emt 0:00:36]} g5 {[%emt 0:00:20]} 28. Nf5 {[%emt 0:01:22]} Qf6 {[%emt 0:00:24]} 29. Nd4 {[%emt 0:00:37]} Re8 {[%emt 0:00:39]} 30. Nxe6 {[%emt 0:01:05]} Rxe6 {[%emt 0:00:26]} 31. Qxb7 {[%emt 0:00:33]} Ra6 {[%emt 0:00:22]} 32. Re8+ {[%emt 0:00:44]} Kg7 33. Be5 Kh6 {[%emt 0:00:57]} 34. Bxf6 {[%emt 0:00:28]} Rxf6 {[%emt 0:00:26]} 35. Re7 {[%emt 0:01:16]} Kg6 {[%emt 0:00:22]} 36. Rae1 {[%emt 0:00:58]} Kg7 37. Qxa7 {[%emt 0:00:43]} Kg6 {[%emt 0:00:47]} 38. g4 {[%emt 0:00:35]} Kg7 39. Rd7 {[%emt 0:01:09]} Kg6 {[%emt 0:01:06]} 40. Ree7 {[%emt 0:00:18]} Rf3 {[%emt 0:00:44]} 41. Kg2 {[%emt 0:30:32]} Rf6 {[%emt 0:30:41]} 42. Rxf7 {[%emt 0:00:33]} Rxf7 {[%emt 0:00:34]} 43. Rxf7 {[%emt 0:00:03]} h6 {[%emt 0:00:28]} 44. Rf5 {[%emt 0:01:25]} h5 {[%emt 0:00:13]} 45. Qf7+ {[%emt 0:00:10]} Kh6 {[%emt 0:00:10]} 46. Rf6# {[%emt 0:00:15]} 1-0

[Event "DFMMLV 2019"]
[Site "Braunfels"]
[Date "2019.06.23"]
[Round "5.26"]
[White "Mucha, Annegret"]
[Black "Plass, Mariana-Camelia"]
[Result "0-1"]
[WhiteElo "2050"]
[BlackElo "2042"]
[Annotator "NA"]
[PlyCount "100"]
[EventDate "2019.06.20"]
[EventType "team-tourn"]
[EventCountry "GER"]
[SourceTitle "playchess.com"]
[Source "ChessBase"]
[SourceQuality "1"]
[WhiteTeam "Thueringen"]
[BlackTeam "NRW"]
[TimeControl "40/5400+30:1800+30"]

1. e4 {[%emt 0:00:00]} c5 {[%emt 0:00:00]} 2. Nc3 {[%emt 0:00:04]} g6 {[%emt 0:00:01]} 3. f4 {[%emt 0:00:35]} Bg7 {[%emt 0:00:10]} 4. Nf3 {[%emt 0:00:07]} Nc6 {[%emt 0:00:15]} 5. Bc4 {[%emt 0:01:29]} d6 {[%emt 0:01:21]} 6. O-O {[%emt 0:03:08]} e6 {[%emt 0:00:16]} 7. d3 {[%emt 0:00:16]} Nge7 {[%emt 0:00:13]} 8. Qe1 {[%emt 0:00:46]} a6 {[%emt 0:01:16]} 9. a4 {[%emt 0:00:27]} O-O {[%emt 0:01:13]} 10. Qh4 {[%emt 0:04:03]} Nd4 {[%emt 0:00:32]} 11. f5 {[%emt 0:05:37]} Nxf3+ {[%emt 0:01:21]} 12. Rxf3 {[%emt 0:01:28]} gxf5 {[%emt 0:06:39]} 13. Rh3 {[%emt 0:02:06]} f6 {[%emt 0:00:06]} 14. Qxh7+ {[%emt 0:01:10]} Kf7 {[%emt 0:00:01]} 15. Bh6 {[%emt 0:07:25]} Rg8 {[%emt 0:00:04]} 16. exf5 {[%emt 0:04:42]} d5 {[%emt 0:01:45]} 17. Bxg7 {[%emt 0:03:38]} Rxg7 {[%emt 0:00:27]} 18. Qh5+ {[%emt 0:00:06]} Kf8 {[%emt 0:00:24]} 19. Qh8+ {[%emt 0:01:37]} Ng8 {[%emt 0:00:30]} 20. Bb3 {[%emt 0:00:28]} c4 {[%emt 0:01:55]} 21. dxc4 {[%emt 0:17:52]} dxc4 {[%emt 0:00:17]} 22. Ba2 {[%emt 0:00:21]} Qb6+ {[%emt 0:03:08]} 23. Kh1 {[%emt 0:00:36]} Qxb2 {[%emt 0:00:09]} 24. Rd1 {[%emt 0:00:08]} Bd7 {[%emt 0:06:43]} 25. Rh7 {[%emt 0:03:57]} Rxh7 {[%emt 0:06:24]} 26. Qxh7 {[%emt 0:00:16]} Qxc3 {[%emt 0:06:40]} 27. Qxd7 {[%emt 0:00:22]} Qxc2 {[%emt 0:03:18]} 28. fxe6 {[%emt 0:00:58]} Ne7 {[%emt 0:00:04]} 29. Qd4 {[%emt 0:04:36]} Kg8 {[%emt 0:20:55]} 30. Bb1 {[%emt 0:06:36]} Qe2 {[%emt 0:03:49]} 31. Be4 {[%emt 0:08:15]} c3 {[%emt 0:08:22]} 32. Bf3 {[%emt 0:03:37]} Qe5 {[%emt 0:05:28]} 33. Qxe5 {[%emt 0:02:02]} fxe5 {[%emt 0:00:04]} 34. Rc1 {[%emt 0:00:28]} Rc8 {[%emt 0:09:19]} 35. Bxb7 {[%emt 0:01:26]} Rc4 {[%emt 0:00:37]} 36. Bxa6 {[%emt 0:03:56]} Rxa4 {[%emt 0:00:48]} 37. Bb7 {[%emt 0:00:45]} Rb4 {[%emt 0:01:15]} 38. h3 {[%emt 0:01:31]} Rxb7 {[%emt 0:01:09]} 39. Rxc3 {[%emt 0:00:02]} Rb6 {[%emt 0:01:04]} 40. Kg1 {[%emt 0:06:07]} Rxe6 {[%emt 0:00:07]} 41. Kf2 {[%emt 0:30:14]} Kf7 {[%emt 0:30:37]} 42. g4 {[%emt 0:00:23]} Kg6 {[%emt 0:04:22]} 43. h4 {[%emt 0:03:14]} Nd5 {[%emt 0:02:52]} 44. Ra3 {[%emt 0:03:39]} e4 {[%emt 0:01:12]} 45. Ra5 {[%emt 0:00:00]} e3+ {[%emt 0:00:00]} 46. Ke1 {[%emt 0:00:00]} Nf4 {[%emt 0:00:00]} 47. Rg5+ {[%emt 0:00:00]} Kh6 {[%emt 0:00:00]} 48. Rf5 {[%emt 0:00:00]} Re4 {[%emt 0:00:00]} 49. g5+ {[%emt 0:00:00]} Kh5 {[%emt 0:00:00]} 50. Rf6 {[%emt 0:00:00]} e2 {[%emt 0:00:00]} 0-1

[Event "DFMMLV 2019"]
[Site "Braunfels"]
[Date "2019.06.23"]
[Round "5.27"]
[White "Sokalska, Viktorija"]
[Black "Skibbe, Diana"]
[Result "0-1"]
[WhiteElo "1961"]
[BlackElo "1986"]
[Annotator "NA"]
[PlyCount "48"]
[EventDate "2019.06.20"]
[EventType "team-tourn"]
[EventCountry "GER"]
[SourceTitle "playchess.com"]
[Source "ChessBase"]
[SourceQuality "1"]
[WhiteTeam "NRW"]
[BlackTeam "Thueringen"]
[TimeControl "40/5400+30:1800+30"]

1. e4 {[%emt 0:00:00]} e5 {[%emt 0:00:00]} 2. Nf3 {[%emt 0:00:00]} Nf6 {[%emt 0:00:00]} 3. Nc3 {[%emt 0:00:09]} Nc6 {[%emt 0:00:00]} 4. Bc4 {[%emt 0:00:23]} Nxe4 {[%emt 0:01:25]} 5. Nxe4 {[%emt 0:11:57]} d5 {[%emt 0:02:29]} 6. Bxd5 {[%emt 0:01:13]} Qxd5 {[%emt 0:00:03]} 7. Nc3 {[%emt 0:01:35]} Qd8 {[%emt 0:00:20]} 8. Qe2 {[%emt 0:06:50]} Bd6 {[%emt 0:01:09]} 9. d3 {[%emt 0:10:28]} O-O {[%emt 0:00:57]} 10. Be3 {[%emt 0:02:22]} f6 {[%emt 0:07:39]} 11. O-O-O {[%emt 0:00:50]} Re8 {[%emt 0:02:17]} 12. Qd2 {[%emt 0:02:12]} Be6 {[%emt 0:02:39]} 13. h3 {[%emt 0:01:50]} Bf8 {[%emt 0:01:43]} 14. d4 {[%emt 0:08:56]} exd4 {[%emt 0:05:55]} 15. Nxd4 {[%emt 0:00:15]} Nxd4 {[%emt 0:00:06]} 16. Qxd4 {[%emt 0:04:59]} c6 {[%emt 0:01:41]} 17. Qxd8 {[%emt 0:02:43]} Raxd8 {[%emt 0:00:11]} 18. Bxa7 {[%emt 0:03:45]} Ra8 {[%emt 0:00:07]} 19. Be3 {[%emt 0:00:32]} Bb4 {[%emt 0:00:15]} 20. Bd2 {[%emt 0:02:47]} Bxc3 {[%emt 0:01:37]} 21. Bxc3 {[%emt 0:00:11]} Rxa2 {[%emt 0:00:21]} 22. Rhe1 {[%emt 0:03:41]} Ra1+ {[%emt 0:00:52]} 23. Kd2 {[%emt 0:00:16]} Rd8+ {[%emt 0:00:03]} 24. Ke2 {[%emt 0:01:38]} Bc4+ {[%emt 0:00:06]} 0-1

[Event "DFMMLV 2019"]
[Site "Braunfels"]
[Date "2019.06.23"]
[Round "5.28"]
[White "Jacke, Corinna"]
[Black "Sokalskaja, Elena"]
[Result "1/2-1/2"]
[WhiteElo "2001"]
[BlackElo "2014"]
[Annotator "NA"]
[PlyCount "43"]
[EventDate "2019.06.20"]
[EventType "team-tourn"]
[EventCountry "GER"]
[SourceTitle "playchess.com"]
[Source "ChessBase"]
[SourceQuality "1"]
[WhiteTeam "Thueringen"]
[BlackTeam "NRW"]
[TimeControl "40/5400+30:1800+30"]

1. e4 {[%emt 0:00:00]} c6 {[%emt 0:00:00]} 2. d4 {[%emt 0:00:00]} d5 {[%emt 0:00:00]} 3. Nc3 {[%emt 0:00:00]} g6 {[%emt 0:01:14]} 4. e5 {[%emt 0:10:16]} Bg7 {[%emt 0:00:11]} 5. f4 {[%emt 0:00:48]} Nh6 {[%emt 0:00:23]} 6. Nf3 {[%emt 0:01:12]} O-O {[%emt 0:01:45]} 7. Bd3 {[%emt 0:00:44]} f6 {[%emt 0:02:36]} 8. O-O {[%emt 0:08:11]} Nf7 {[%emt 0:05:37]} 9. Ne2 {[%emt 0:02:33]} Qb6 {[%emt 0:07:33]} 10. Kh1 {[%emt 0:04:33]} Na6 {[%emt 0:03:13]} 11. c3 {[%emt 0:03:07]} fxe5 {[%emt 0:06:39]} 12. fxe5 {[%emt 0:01:04]} Nc7 {[%emt 0:03:17]} 13. Qe1 {[%emt 0:07:18]} Ne6 {[%emt 0:03:00]} 14. Qh4 {[%emt 0:01:24]} Qc7 {[%emt 0:01:02]} 15. Nf4 {[%emt 0:09:28]} Nxf4 {[%emt 0:04:40]} 16. Bxf4 {[%emt 0:00:16]} Be6 {[%emt 0:00:16]} 17. Rf2 {[%emt 0:03:23]} Rae8 {[%emt 0:02:55]} 18. Raf1 {[%emt 0:06:20]} Qd7 {[%emt 0:01:23]} 19. Be3 {[%emt 0:08:27]} c5 {[%emt 0:06:03]} 20. h3 {[%emt 0:05:39]} a6 {[%emt 0:00:43]} 21. Kg1 {[%emt 0:09:24]} b6 {[%emt 0:08:45]} 22. Ng5 {[%emt 0:01:54]} 1/2-1/2

[Event "DFMMLV 2019"]
[Site "Braunfels"]
[Date "2019.06.23"]
[Round "5.29"]
[White "Schmidt, Andrea"]
[Black "Dietrich, Mareike"]
[Result "1/2-1/2"]
[WhiteElo "2006"]
[BlackElo "1706"]
[Annotator "NA"]
[PlyCount "132"]
[EventDate "2019.06.20"]
[EventType "team-tourn"]
[EventCountry "GER"]
[SourceTitle "playchess.com"]
[Source "ChessBase"]
[SourceQuality "1"]
[WhiteTeam "NRW"]
[BlackTeam "Thueringen"]
[TimeControl "40/5400+30:1800+30"]

1. e4 {[%emt 0:00:00]} c5 {[%emt 0:00:00]} 2. Nf3 {[%emt 0:00:36]} d6 {[%emt 0:00:00]} 3. d4 {[%emt 0:01:36]} cxd4 {[%emt 0:00:00]} 4. Nxd4 {[%emt 0:00:14]} Nf6 {[%emt 0:00:00]} 5. Nc3 {[%emt 0:04:17]} a6 {[%emt 0:00:00]} 6. Be2 {[%emt 0:01:32]} e6 {[%emt 0:00:00]} 7. O-O {[%emt 0:00:09]} Nbd7 {[%emt 0:00:40]} 8. Be3 {[%emt 0:05:52]} b5 {[%emt 0:04:21]} 9. a3 {[%emt 0:01:30]} Bb7 {[%emt 0:00:07]} 10. f3 {[%emt 0:04:10] B84: Sicilian Scheveningen: 6 Be2 a6, lines without early Be3} (10. Bd3 Be7 11. Qf3 O-O 12. Qg3 Nc5 13. Bh6 Ne8 14. Bd2 Rc8 15. Rad1 Qc7 16. Rfe1 Nxd3 17. cxd3 Kh8 {0-1 (71) Sevian,S (2556)-Huschenbeth,N (2541) Las Vegas 2015}) 10... Rc8 {[%emt 0:01:20]} 11. Kh1 {[%emt 0:05:05]} d5 $146 {[%emt 0:04:25]} ({Predecessor:} 11... Be7 12. g4 h6 13. Qd2 Ne5 14. b3 Nexg4 15. fxg4 Rxc3 16. Rxf6 Rxe3 17. Rxf7 Rxe4 {0-1 (29) Savic,M (2264)-Djurovic,G (2353) Vukovar 2011}) 12. exd5 {[%emt 0:00:53]} Nxd5 {[%emt 0:04:41]} 13. Nxd5 {[%emt 0:00:09]} Bxd5 {[%emt 0:01:03]} 14. c3 {[%emt 0:06:25]} Nf6 {[%emt 0:04:14]} 15. a4 {[%emt 0:01:07]} e5 {[%emt 0:09:22]} 16. Nc2 {[%emt 0:11:57]} Bb3 {[%emt 0:08:47]} 17. axb5 {[%emt 0:01:22]} Qxd1 {[%emt 0:01:17]} 18. Bxd1 {[%emt 0:00:19]} Bc4 {[%emt 0:03:53]} 19. Re1 {[%emt 0:01:55]} axb5 {[%emt 0:02:53]} 20. Bd4 {[%emt 0:03:50]} Nd7 {[%emt 0:04:42]} 21. Bxe5 {[%emt 0:00:36]} Nxe5 {[%emt 0:01:54]} 22. Rxe5+ {[%emt 0:00:09]} Kd8 {[%emt 0:06:49]} 23. Nd4 {[%emt 0:03:28]} Bd6 {[%emt 0:01:19]} 24. Re1 {[%emt 0:02:38]} Kd7 {[%emt 0:07:08]} 25. Bc2 {[%emt 0:00:47]} Rc5 {[%emt 0:07:04]} 26. g3 {[%emt 0:01:39]} g6 {[%emt 0:01:27]} 27. Ra7+ {[%emt 0:06:12]} Rc7 {[%emt 0:02:25]} 28. Rxc7+ {[%emt 0:00:26]} Bxc7 {[%emt 0:00:01]} 29. b3 {[%emt 0:00:20]} Bd5 {[%emt 0:00:26]} 30. Kg2 {[%emt 0:07:50]} Rb8 {[%emt 0:05:49]} 31. Bd3 {[%emt 0:04:08]} Bc6 {[%emt 0:00:57]} 32. Re7+ {[%emt 0:05:27]} Kxe7 {[%emt 0:00:01]} 33. Nxc6+ {[%emt 0:00:15]} Kd6 {[%emt 0:00:10]} 34. Nxb8 {[%emt 0:00:12]} Bxb8 {[%emt 0:00:01]} 35. Bxb5 {[%emt 0:00:34]} Kc5 {[%emt 0:02:07]} 36. Be8 {[%emt 0:01:00]} Be5 {[%emt 0:01:08]} 37. c4 {[%emt 0:03:52]} f6 {[%emt 0:03:12]} 38. f4 {[%emt 0:01:52]} Bc3 {[%emt 0:02:07]} 39. Kf3 {[%emt 0:00:13]} Kd4 {[%emt 0:00:55]} 40. Kg4 {[%emt 0:06:38]} Ke4 {[%emt 0:03:30]} 41. Bc6+ {[%emt 0:34:40]} Ke3 {[%emt 0:31:14]} 42. h4 {[%emt 0:00:00]} Be1 {[%emt 0:00:00]} 43. Bd5 {[%emt 0:00:00]} Kd4 {[%emt 0:00:00]} 44. Bc6 $2 {[%emt 0:00:00]} ({White should play} 44. Bf7 $18) 44... Ke3 $1 {[%emt 0:00:00]} 45. Kh3 {[%emt 0:00:00]} Kd4 {[%emt 0:00:00]} 46. Be8 {[%emt 0:00:00]} Ke4 {[%emt 0:00:00]} 47. h5 {[%emt 0:00:00]} (47. Bf7 $18) 47... g5 $2 {[%emt 0:00:00] [#]} (47... gxh5 $16 {is tougher.} 48. Bxh5 Kd4) 48. Bg6+ $1 {[%emt 0:01:34]} Kf3 {[%emt 0:00:00]} 49. g4 $4 {[%emt 0:03:53]} (49. fxg5 $18 fxg5 50. Bxh7 g4+ 51. Kh4) 49... h6 $16 {[%emt 0:00:00]} (49... hxg6 {mates} 50. hxg6 f5 51. Kh2 Bc3 52. Kg1 fxg4 53. g7 Bxg7 54. Kf1 Bc3 55. Kg1 g3 56. Kh1 Bd4 57. f5 g2+ 58. Kh2 g1=Q+ 59. Kh3 Qh1#) 50. f5 {[%emt 0:01:08]} Bb4 {[%emt 0:00:00]} 51. Be8 {[%emt 0:00:16]} Kf4 {[%emt 0:00:00]} 52. Bc6 {[%emt 0:00:13]} Bc5 {[%emt 0:00:00]} 53. Bg2 {[%emt 0:01:10]} Bb4 {[%emt 0:00:33]} 54. Bf1 {[%emt 0:00:21]} Kf3 {[%emt 0:00:44]} 55. Bd3 {[%emt 0:00:42]} Bd6 {[%emt 0:01:05]} 56. Bc2 {[%emt 0:00:14]} Kf4 {[%emt 0:01:20]} 57. Bd1 {[%emt 0:00:10]} Ke4 {[%emt 0:02:17]} 58. Kg2 {[%emt 0:00:09]} Ke3 {[%emt 0:00:05]} 59. Kf1 {[%emt 0:00:18]} Kd2 {[%emt 0:00:23]} 60. Bf3 {[%emt 0:00:15]} Ke3 {[%emt 0:00:48]} 61. Be2 {[%emt 0:00:15]} Bb4 {[%emt 0:00:23]} 62. c5 {[%emt 0:01:33]} Bxc5 {[%emt 0:00:41]} 63. Ke1 {[%emt 0:00:12]} Bb4+ {[%emt 0:00:51]} 64. Kd1 {[%emt 0:02:47]} Bd2 {[%emt 0:00:55]} 65. Bc4 {[%emt 0:00:27]} Bb4 {[%emt 0:00:30]} 66. Be2 {[%emt 0:00:38]} Bd2 {[%emt 0:00:05]} 1/2-1/2

[Event "DFMMLV 2019"]
[Site "Braunfels"]
[Date "2019.06.23"]
[Round "5.30"]
[White "Schulz, Theresa Charlotte"]
[Black "Hiebsch, Catalina"]
[Result "1-0"]
[WhiteElo "1603"]
[BlackElo "1760"]
[Annotator "NA"]
[PlyCount "87"]
[EventDate "2019.06.20"]
[EventType "team-tourn"]
[EventCountry "GER"]
[SourceTitle "playchess.com"]
[Source "ChessBase"]
[SourceQuality "1"]
[WhiteTeam "Thueringen"]
[BlackTeam "NRW"]
[TimeControl "40/5400+30:1800+30"]

1. e4 {[%emt 0:00:00]} e5 {[%emt 0:00:00]} 2. Nf3 {[%emt 0:00:00]} Nc6 {[%emt 0:00:00]} 3. d4 {[%emt 0:00:00]} exd4 {[%emt 0:00:24]} 4. Bc4 {[%emt 0:00:00]} Nf6 {[%emt 0:00:36]} 5. e5 {[%emt 0:00:05]} d5 {[%emt 0:00:28]} 6. Bb5 {[%emt 0:00:08]} Nd7 {[%emt 0:00:22]} 7. O-O {[%emt 0:00:09]} Be7 {[%emt 0:00:18]} 8. Bxc6 bxc6 {[%emt 0:00:11]} 9. Nxd4 {[%emt 0:02:41]} Nb8 {[%emt 0:00:55]} 10. Bf4 {[%emt 0:03:16]} O-O {[%emt 0:03:38]} 11. Nd2 {[%emt 0:04:37]} c5 {[%emt 0:01:51]} 12. N4f3 {[%emt 0:14:31]} Be6 {[%emt 0:06:07]} 13. h3 {[%emt 0:00:33]} Nd7 {[%emt 0:04:55]} 14. Nb3 {[%emt 0:02:49]} Nb6 {[%emt 0:06:06]} 15. Nfd2 {[%emt 0:05:36]} a5 {[%emt 0:04:26]} 16. c3 {[%emt 0:07:01]} a4 {[%emt 0:04:09]} 17. Nc1 {[%emt 0:00:09]} c6 {[%emt 0:05:51]} 18. Re1 {[%emt 0:11:46]} Qd7 {[%emt 0:08:07]} 19. Bg3 {[%emt 0:12:41]} d4 {[%emt 0:08:18]} 20. Nf3 {[%emt 0:05:47]} Rfd8 {[%emt 0:04:26]} 21. Ne2 {[%emt 0:03:43]} d3 {[%emt 0:01:52]} 22. Nf4 {[%emt 0:00:21]} Nc4 {[%emt 0:06:16]} 23. Nxe6 {[%emt 0:03:18]} fxe6 {[%emt 0:03:05]} 24. Rb1 {[%emt 0:03:39]} Rab8 {[%emt 0:02:02]} 25. b3 {[%emt 0:01:05]} Na3 {[%emt 0:01:53]} 26. Rb2 {[%emt 0:02:40]} c4 {[%emt 0:08:22]} 27. Nd2 {[%emt 0:04:42]} cxb3 {[%emt 0:06:24]} 28. axb3 {[%emt 0:00:42]} Nc2 {[%emt 0:02:14]} 29. Re4 {[%emt 0:03:35]} a3 {[%emt 0:00:49]} 30. Ra2 {[%emt 0:00:05]} Qd5 {[%emt 0:00:57]} 31. c4 {[%emt 0:01:49]} Qd7 {[%emt 0:01:34]} 32. Bh4 {[%emt 0:02:08]} Bxh4 {[%emt 0:01:56]} 33. Rxh4 {[%emt 0:00:06]} Qe7 {[%emt 0:00:52]} 34. Qh5 {[%emt 0:03:15]} g6 {[%emt 0:00:43]} 35. Qh6 {[%emt 0:00:09]} Nd4 {[%emt 0:01:41]} 36. Ne4 {[%emt 0:01:19]} Rb7 {[%emt 0:01:59]} 37. Nf6+ {[%emt 0:01:55]} Kh8 {[%emt 0:00:04]} 38. Qxg6 {[%emt 0:00:11]} Ne2+ {[%emt 0:02:10]} 39. Kf1 {[%emt 0:00:19]} Nc3 {[%emt 0:01:11]} 40. Rxh7+ {[%emt 0:01:46]} Qxh7 {[%emt 0:00:11]} 41. Nxh7 {[%emt 0:30:22]} Rxb3 {[%emt 0:03:33]} 42. Kg1 {[%emt 0:00:00]} Ne2+ {[%emt 0:12:52]} 43. Kh2 {[%emt 0:00:00]} Nc1 {[%emt 0:03:02]} 44. Nf6 {[%emt 0:00:00]} 1-0